000 00756cam a22002533a 4500
001 20730
003 PGUSA
005 20140828083436.0
008 070303s2007||||xxu|||||s|||||000 1 eng d
040 _aPGUSA
_beng
042 _adc
050 4 _aPZ
100 1 _aBrazil, Angela,
_d1869-1947
245 1 0 _aFor the Sake of the School
_h[electronic resource] /
_cAngela Brazil
260 _bProject Gutenberg,
_c2007
506 _aPublic domain in the USA.
516 _aElectronic text
653 _aBoarding schools -- England -- Juvenile fiction
653 _aGirls -- England -- Juvenile fiction
653 _aSchools -- Juvenile fiction
830 0 _aProject Gutenberg
_v20730
856 4 0 _uhttp://www.gutenberg.org/ebooks/20730
942 _cEB
999 _c249985
_d249985